000 00965nam a22002417a 4500
003 BD-DhSAU
005 20211019195601.0
008 210929b |||||||| |||| 00| 0 eng d
040 _aBD-DhSAU
082 _222
_b630.715
_aH7949
100 _aHOSSAIN, KHONDOKER MOQBUL
_eRegistration No.:# 18-09060
245 _aAdoption of hybrid rice seed production technologies by the farmers of muktagacha upazila /
_bMs Thesis
260 _aSher-e-Bangla Agricultural University Dhaka 1207;
_bDepartment of Agricultural Extension & Information System;
_c2020;
300 _aviii;
_b85p.;
_c30cm.;
500 _aIncluding Index.;
590 _anazmul
600 _qhybrid rice seed production technologies
610 _amuktagacha upazila
700 _aProf. Dr. Md. Rafiquel Islam
_eSupervisor
710 _aProf. Md. Mahbubul Alam
_eCo-Supervisor
856 _yOnline Access
_uhttp://archive.saulibrary.edu.bd:8080/xmlui/handle/123456789/3352
942 _2ddc
_cTHESIS
999 _c15616
_d15615